Κατάλογος Βιβλιοθηκών Mediterranean College

Audio Cyclopedia (Record no. 2279)

MARC details
000 -LEADER
fixed length control field 01129cam a22002054a 4500
005 - ΗΜΕΡΟΜΗΝΙΑ ΚΑΙ ΩΡΑ ΤΕΛΕΥΤΑΙΑΣ ΕΝΗΜΕΡΩΣΗΣ
Πεδίο ελέγχου 20250605164036.0
008 - FIXED-LENGTH DATA ELEMENTS--GENERAL INFORMATION
Πεδίο ελέγχου σταθερού μήκους 250528s ||||||||||||||||||||||||d
035 ## - SYSTEM CONTROL NUMBER
System control number 16825
020 ## - ISBN
ISBN 7782885
040 ## - ΠΗΓΗ ΚΑΤΑΛΟΓΟΓΡΑΦΗΣΗΣ
Φορέας πρωτότυπης καταλογογράφησης MC Athens Campus Library
Γλώσσα καταλογογράφησης Ελληνικά, Μοντέρνα (1453-)
Modifying agency MC Athens Campus Library
Κανόνες περιγραφικής καταλογογράφησης AACR2
245 1# - ΤΙΤΛΟΣ ΚΑΙ ΔΗΛΩΣΗ ΥΠΕΥΘΥΝΟΤΗΤΑΣ
Τίτλος Audio Cyclopedia
250 ## - EDITION STATEMENT
Edition statement 2nd
260 ## - PUBLICATION, DISTRIBUTION, ETC.
Name of publisher, distributor, etc. Howard W. Sams & Co,
Date of publication, distribution, etc. 1969
300 ## - PHYSICAL DESCRIPTION
Extent 1762
520 ## - SUMMARY, ETC.
Summary, etc. Basic Principles of Sound, Acoustics and Studio Techniques and Equipment, Constant-Speed Devices and Motors and Generators, Microphones, Attenuators, Equalizers, Wave Filters, Transformers and Coils, Sound Mixers, VU and Volume Indicator Meters, Vacuum Tubes and Transistors and Diodes, Audio Amplifiers, Disc Recording, Cutting Heads, Recording and Reproducing Styli, Pickups, Magnetic Recording, Optical Film Recording, Motion Picture Projection Equipment, Loudspeakers and Enclosures and Headphones and Hearing Aids, Power Supplies, Test Equipment, Audio-Frequency Measurements, Installation Techniques, General Information and Charts and Tables, Index.
700 1# - ΠΡΟΣΘΕΤΗ ΑΝΑΓΡΑΦΗ--ΦΥΣΙΚΟ ΠΡΟΣΩΠΟ
Personal name Tremaine Howard M
9 (RLIN) 2914
942 ## - ADDED ENTRY ELEMENTS (KOHA)
Koha item type Books
Holdings
Τύπος τεκμηρίου Βιβλιοθήκη Τρέχουσα τοποθεσία Barcode Αριθμός εισαγωγής Ημερομηνία απόκτησης Ταξιθετικό σύμβολο Αριθμός αντιτύπου Κατάσταση απόσυρσης Κατάσταση χαμένου Κατάσταση κατεστραμμένου Μη δανεισμός Σύνολο δανεισμών Ημερομηνία τελευταίας εμφάνισης Η τιμή ισχύει από
Books MC Athens Campus Library MC Athens Campus Library 9780000022783 5071 05/06/2025 REF 621.385 TRE 1           05/06/2025 05/06/2025

MC Athens Campus Library
Πατησίων 94 & Κοδριγκτώνος 13, 104 34
Πελλήνης 8 & Πατησίων 107, 112 51
Τ: +30 210 8899600

MC Thessaloniki Campus Library
Ίωνος Δραγούμη 21, 54625 | Ίωνος Δραγούμη 15, 54625
Τ: +30 2310 287779 – Τ: +30 2314 440300